Conversation control skilla for managers
| Main Author: | |
|---|---|
| Format: | Book |
| Published: |
London :
W.H.Allen ,
1987
|
| Subjects: |
MARC
| LEADER | 00000cam a2200000 7i4500 | ||
|---|---|---|---|
| 001 | 0000004431 | ||
| 002 | 000004762 | ||
| 005 | 20000330.0 | ||
| 020 | |a 1852510250 | ||
| 090 | 0 | 0 | |a 658.45 |b MAR |
| 100 | 1 | |a Margerison, Charles J | |
| 245 | 1 | 0 | |a Conversation control skilla for managers |c Charles J. Margenison |
| 260 | |a London : |b W.H.Allen , |c 1987 | ||
| 300 | |a 206 p. ; |c 24 cm. | ||
| 650 | 0 | 0 | |a Conversation |
| 650 | 0 | 0 | |a Conversation in management |
| 999 | |a 031414 |b BUKU |c PINJAMAN |e PERPUSTAKAAN KOMUNITI PETALING JAYA | ||
| 999 | |a 032278 |b BUKU |c PINJAMAN |e PERPUSTAKAAN KOMUNITI PETALING JAYA | ||